Normal view
MARC view
- Robinson, James
Entry Personal Name
001 - CONTROL NUMBER
- control field: 9500
003 - CONTROL NUMBER IDENTIFIER
- control field: NUST
005 - DATE AND TIME OF LATEST TRANSACTION
- control field: 20180122151755.0
008 - FIXED-LENGTH DATA ELEMENTS
- fixed length control field: 180122|| aca||aabn | a|a d
040 ## - CATALOGING SOURCE
- Original cataloging agency: NUST
- Transcribing agency: NUST
100 ## - HEADING--PERSONAL NAME
- Personal name: Robinson, James
670 ## - SOURCE DATA FOUND
- Source citation: Work cat.: (NUST)321521: Robinson, James, Why Nations Fail, 2012
